[Event "Asia-ch Blitz U20 Girls"]
[Site "Jamshedpur"]
[Date "2023.09.15"]
[Round "4"]
[White "Sasvatha, A."]
[Black "Sanchita, Yadav"]
[Result "1/2-1/2"]
[WhiteElo "1495"]
[BlackElo "1251"]
[PlyCount "141"]
[EventDate "2023.09.15"]
[EventType "swiss (blitz)"]
[EventRounds "9"]
[EventCountry "IND"]
[SourceTitle "EXT 2024"]
[Source "ChessBase"]
[SourceDate "2023.10.10"]
[SourceVersion "1"]
[SourceVersionDate "2023.10.10"]
[SourceQuality "1"]

1. d4 d5 2. Nf3 e6 3. Bg5 Be7 4. Bf4 Bd6 5. Bg5 Be7 6. Bxe7 Qxe7 7. c3 Nd7 8. e3 e5 9. Qb3 exd4 10. cxd4 c6 11. Nc3 Nb6 12. Rc1 Bg4 13. Ne5 Be6 14. a4 Rb8 15. a5 Nd7 16. Nxd7 Qxd7 17. Na4 Ne7 18. Nc5 Qc7 19. Qc3 0-0 20. Bd3 Bf5 21. b4 Bxd3 22. Qxd3 b6 23. Na6 Qb7 24. Nxb8 Qxb8 25. axb6 Qxb6 26. Qc3 Rb8 27. 0-0 Qxb4 28. Qxb4 Rxb4 29. Rb1 Rb5 30. Ra1 Nc8 31. Rfc1 Rb6 32. Rc5 Kf8 33. Kf1 Ke7 34. Rca5 Kd6 35. Ra6 Rb2 36. Rc1 Rb6 37. Rxb6 axb6 38. Ra1 c5 39. dxc5+ bxc5 40. Ra6+ Kd7 41. Ke2 Nd6 42. Ra7+ Ke6 43. Rc7 c4 44. f3 g6 45. g4 h6 46. Rc5 h5 47. h4 hxg4 48. fxg4 Ne4 49. Rc8 f5 50. gxf5+ Kxf5 51. Kf3 Nd2+ 52. Kg3 Ne4+ 53. Kh3 c3 54. Rf8+ Ke6 55. Rc8 Nf2+ 56. Kg3 Ne4+ 57. Kf4 Kf6 58. Rc6+ Kf7 59. Kf3 Nd2+ 60. Ke2 Nc4 61. Ke1 c2 62. Rxc4 dxc4 63. Kd2 Ke6 64. Kxc2 Ke5 65. Kc3 Ke4 66. Kxc4 Kxe3 67. Kd5 Kf4 68. Ke6 Kg4 69. Kf6 Kh5 70. Kg7 Kxh4 71. Kxg6 1/2-1/2

[Event "Asia-ch U20 Girls"]
[Site "Jamshedpur"]
[Date "2023.09.12"]
[Round "6"]
[White "Poorvi, Rajpoot"]
[Black "Sanchita, Yadav"]
[Result "1-0"]
[WhiteElo "1429"]
[BlackElo "1370"]
[PlyCount "121"]
[EventDate "2023.09.09"]
[EventType "swiss"]
[EventRounds "9"]
[EventCountry "IND"]
[SourceTitle "EXT 2024"]
[Source "ChessBase"]
[SourceDate "2023.10.10"]
[SourceVersion "1"]
[SourceVersionDate "2023.10.10"]
[SourceQuality "1"]

1. e4 c5 2. Nf3 e6 3. d4 cxd4 4. Nxd4 a6 5. Bd3 Nf6 6. Qe2 d6 7. c4 Nc6 8. Nf3 Be7 9. Nc3 Qc7 10. 0-0 Nd7 11. Rd1 Nce5 12. Nxe5 dxe5 13. Qg4 Bf6 14. Be3 b6 15. Rac1 Bb7 16. b4 0-0 17. h4 Rfd8 18. h5 Kh8 19. a3 a5 20. Nb5 Qc6 21. c5 bxc5 22. bxc5 Be7 23. Nd6 Bxd6 24. cxd6 Qxd6 25. Bb5 Qe7 26. Rc7 Bc8 27. Qe2 Rb8 28. Bc5 Qh4 29. Bxd7 Rxd7 30. Rcxd7 Bxd7 31. Rxd7 h6 32. Rd1 Kh7 33. Bd6 Rd8 34. Bxe5 Rxd1+ 35. Qxd1 Qxe4 36. Bg3 f6 37. a4 e5 38. f3 Qc4 39. Kh2 e4 40. Qb1 Qxa4 41. Qxe4+ Qxe4 42. fxe4 a4 43. Bd6 g6 44. hxg6+ Kxg6 45. Kg3 Kg5 46. Bf4+ Kg6 47. Bc1 Kh5 48. Kf4 Kg6 49. Bb2 h5 50. g3 Kg7 51. Kf5 Kf7 52. Bxf6 a3 53. Ba1 Ke7 54. e5 Kf7 55. e6+ Ke7 56. Bf6+ Kf8 57. Ke5 Ke8 58. Kd6 a2 59. e7 Kf7 60. Bc3 Ke8 61. Ba1 1-0

[Event "Asia-ch Rapid U20 Girls"]
[Site "Jamshedpur"]
[Date "2023.09.08"]
[Round "9"]
[White "Sanchita, Yadav"]
[Black "Adra, P."]
[Result "1-0"]
[WhiteElo "1171"]
[BlackElo "1403"]
[PlyCount "123"]
[EventDate "2023.09.08"]
[EventType "swiss (rapid)"]
[EventRounds "9"]
[EventCountry "IND"]
[SourceTitle "EXT 2024"]
[Source "ChessBase"]
[SourceDate "2023.10.10"]
[SourceVersion "1"]
[SourceVersionDate "2023.10.10"]
[SourceQuality "1"]

1. e4 e6 2. d4 d5 3. exd5 exd5 4. Nf3 Bd6 5. Be3 c6 6. Bd3 Ne7 7. Nbd2 Bg4 8. h3 Bh5 9. c3 Nd7 10. Qc2 Qc7 11. 0-0 Bg6 12. Rfe1 0-0-0 13. b4 Bxd3 14. Qxd3 h6 15. a4 f5 16. Nb3 f4 17. Bd2 g5 18. b5 Rdg8 19. c4 dxc4 20. Qxc4 h5 21. bxc6 bxc6 22. Ba5 Nb6 23. Bxb6 axb6 24. a5 b5 25. Qe6+ Qd7 26. a6 Qxe6 27. Rxe6 Kd7 28. Re2 g4 29. hxg4 hxg4 30. Ne5+ Bxe5 31. Rxe5 Nd5 32. Nc5+ Kd6 33. Re6+ Kc7 34. a7 g3 35. Na6+ Kb7 36. Nb8 Nc7 37. Re7 Rxb8 38. axb8Q+ Kxb8 39. Rc1 gxf2+ 40. Kxf2 Rh6 41. Rf7 Nd5 42. Re1 Rh8 43. Re6 Rc8 44. Rd6 b4 45. Rdd7 Rc7 46. Rxc7 Nxc7 47. Ke2 Nd5 48. Kd3 Kc8 49. Kc4 Kd8 50. Kb3 Ke8 51. Rg7 Kd8 52. Rb7 Kc8 53. Rf7 Kd8 54. Rg7 Ke8 55. Rg5 Ke7 56. Rxd5 cxd5 57. Kxb4 Ke6 58. Kc5 Kf5 59. Kxd5 Kg4 60. Ke5 Kg3 61. d5 Kxg2 62. Kxf4 1-0